• 首页
  • 本馆介绍
  • 公告通知
  • 最新文献
  • 馆藏检索
  • 电子资源
  • 读者导购
  • 参考咨询
  • 我的图书馆
  • 登录
  • 详细信息显示
  • 放入我的书架
  • 预约/预借图书
  • 作者相关作品
  • 分类相关作品
  • 丛书相关作品
  • 出版社相关作品

书目信息

  • 表格格式
  • 工作单格式
  • 卡片格式
题名:
城市绿道规划设计
    
 
作者: 俞孔坚 著 ;北京土人城市规划设计公司 著
分册:  
出版信息: 南京   江苏凤凰科学技术出版社  2015
页数: 215页
开本: 29cm
丛书名:
单 册:
中图分类: TU985.18
科图分类:
主题词: 城市道路--Cheng Shi Dao Lu--道路绿化--绿化规划
电子资源:
ISBN: 978-7-5537-4869-6
000 01249nam0 22002771 450
001 351004
005 20161012083150.70
010    @a978-7-5537-4869-6@dCNY128.00
100    @a20151116d2015 em y0chiy50 ea
101 0  @achi
102    @aCN@b320000
105    @aab z 000yy
106    @ar
200 1  @a城市绿道规划设计@ACheng Shi Lv Dao Gui Hua She Ji@e绿色城市规划设计实践@f俞孔坚,土人设计著
210    @a南京@c江苏凤凰科学技术出版社@d2015
215    @a215页@c彩图,地图@d29cm
312    @a封面英文题名:Urban green way planning and design
330    @a本书提出城市绿道的概念、特征与设计原则,分析我国生态城市面临的种种问题,指出城市绿道是中国生态城市的现实选择,从绿道与生态环境、空间环境、文化环境的客观规律,提出绿道理念在城市高密度街区、可持续街区、多元化街区的应用,从而确定绿色生活的生态方向。
510 1  @aUrban green way planning and design@zeng
517 1  @a绿色城市规划设计实践@ALv Se Cheng Shi Gui Hua She Ji Shi Jian
606 0  @a城市道路@ACheng Shi Dao Lu@x道路绿化@x绿化规划
690    @aTU985.18@v5
701  0 @a俞孔坚@AYu Kong Jian@f(1963~)@4著
711 02 @a北京土人城市规划设计公司@ABei Jing Tu Ren Cheng Shi Gui Hua She Ji Gong Si@4著
801  0 @aCN@bTANGWEI@c20160811
905    @b0892731-4@dTU985.18@e873@f4
    
    城市绿道规划设计:绿色城市规划设计实践/俞孔坚,土人设计著.-南京:江苏凤凰科学技术出版社,2015
    215页:彩图,地图;29cm
    
    
    ISBN 978-7-5537-4869-6:CNY128.00
    本书提出城市绿道的概念、特征与设计原则,分析我国生态城市面临的种种问题,指出城市绿道是中国生态城市的现实选择,从绿道与生态环境、空间环境、文化环境的客观规律,提出绿道理念在城市高密度街区、可持续街区、多元化街区的应用,从而确定绿色生活的生态方向。
●
相关链接 在E读中查询图书 在五车中查询图书 在当当中查询图书 在豆瓣中查询图书


正题名:城市绿道规划设计     索取号:TU985.18/873         预约/预借

序号 登录号 条形码 馆藏地/架位号 状态 备注
1 0892731   208927312   第二样本阅览室/ [索取号:TU985.18/873] 在馆    
2 0892732   208927321   第三借阅区/ [索取号:TU985.18/873] 在馆    
3 0892733   208927330   第三借阅区/ [索取号:TU985.18/873] 在馆    
4 0892734   208927349   第三借阅区/ [索取号:TU985.18/873] 在馆    
唐山师范学院图书馆 欢迎您!
大连网信软件有限公司© 版权所有